01181 a2200229 4500003000500000005001700005010001600022020003300038040000900071082001700080100002600097245006500123250001200188260003100200300003300231440006100264505041100325650003400736700001900770856008800789856007400877Nust20221223182620.0 a 94028420 a0471542873 (acid-free paper) cNust00a621.3827,GAG1 aGagliardi, Robert M.,10aOptical communications /cRobert M. Gagliardi, Sherman Karp. a2nd ed. aNew York :bWiley,cc1995. axv, 347 p. :bill. ;c25 cm. 0aWiley series in telecommunications and signal processing aThe Optical Communication System (Page-1), Optical Field Reception (Page-39), Photodetection (Page-75), Noncoherent (Direct) Detection (Page-119), Coherent (Heterodyne) Detection (Page-151), Optical Digital Communications (Page-17), Fiberoptic Communications (Page-233), Fiber Networks (Page-259) The Atmospheric Optical Channel (Page-285), Pointing, Acquisition, and Tracking in Space Optics (Page-305).  0aTelecommunication engineering1 aKarp, Sherman.423Publisher descriptionuhttp://www.loc.gov/catdir/description/wiley033/94028420.html423Table of Contentsuhttp://www.loc.gov/catdir/toc/onix03/94028420.html